Catálogo público

Enciclopedia IMPEE de ingeniería y diseño de envase y embalaje / (Record no. 175171)

MARC details
000 -CABECERA
campo de control de longitud fija 02622nac a2200553 a 4500
001 - NÚMERO DE CONTROL
campo de control dia_4511
003 - IDENTIFICADOR DEL NÚMERO DE CONTROL
campo de control CHAP
005 - FECHA Y HORA DE LA ÚLTIMA TRANSACCIÓN
campo de control 20230313125237.0
007 - CAMPO FIJO DE DESCRIPCIÓN FÍSICA--INFORMACIÓN GENERAL
campo de control de longitud fija ta
008 - DATOS DE LONGITUD FIJA--INFORMACIÓN GENERAL
campo de control de longitud fija 220117s2008 mx ado f e 001 0 spa d
010 ## - NÚMERO DE CONTROL DE LA BIBLIOTECA DEL CONGRESO
Número de control de LC 175171
020 ## - NÚMERO INTERNACIONAL ESTÁNDAR DEL LIBRO
Número Internacional Estándar del Libro 970-91972-6-6
Información calificativa tomo 2
020 ## - NÚMERO INTERNACIONAL ESTÁNDAR DEL LIBRO
Número Internacional Estándar del Libro 978-607-00-0113-0
Información calificativa tomo 5
020 ## - NÚMERO INTERNACIONAL ESTÁNDAR DEL LIBRO
Número Internacional Estándar del Libro 978-607-00-0114-7
Información calificativa tomo 7
020 ## - NÚMERO INTERNACIONAL ESTÁNDAR DEL LIBRO
Número Internacional Estándar del Libro 970-91972-5-8
Información calificativa tomo 8
040 ## - FUENTE DE LA CATALOGACIÓN
Centro/agencia transcriptor CHAP
Centro catalogador/agencia de origen mxchpua
050 ## - SIGNATURA TOPOGRÁFICA DE LA BIBLIOTECA DEL CONGRESO
Número de clasificación TS198.2
Número de documento/Ítem .E53 2008
082 00 - NÚMERO DE LA CLASIFICACIÓN DECIMAL DEWEY
Número de clasificación 688.8
Número de documento/Ítem E53 2008
Número de edición 20
100 1# - ENTRADA PRINCIPAL--NOMBRE DE PERSONA
Nombre de persona Rodríguez Tarango, José Antonio
9 (RLIN) 153250
Término indicativo de función/relación autor
245 10 - MENCIÓN DE TÍTULO
Título Enciclopedia IMPEE de ingeniería y diseño de envase y embalaje /
Mención de responsabilidad, etc. José Antonio Rodríguez Tarango
250 ## - MENCIÓN DE EDICIÓN
Mención de edición Primera edición
300 ## - DESCRIPCIÓN FÍSICA
Extensión 8 volúmenes :
Otras características físicas ilustraciones, diagramas, tablas, fotos
500 ## - NOTA GENERAL
Nota general La colección no cuenta con tomo 1 y 4
505 ## - NOTA DE CONTENIDO CON FORMATO
Información miscelánea t. 2
Título Tecnología de materiales de envase 1 : pulpa y papel, cajas plegadizas, cajas de cartón corrugado, envases de vidrio, envases metálicos, tapas y cierres, adhesivos
505 ## - NOTA DE CONTENIDO CON FORMATO
Información miscelánea t. 3
Título Tecnología de materiales de envase 2 : envases de plástico
505 ## - NOTA DE CONTENIDO CON FORMATO
Información miscelánea t. 5
Título Manual para elaboración de especificaciones técnicas para materiales de envase y embalaje
505 ## - NOTA DE CONTENIDO CON FORMATO
Información miscelánea t. 6
Título Control de calidad en los materiales de envase y embalaje
505 ## - NOTA DE CONTENIDO CON FORMATO
Información miscelánea t. 7
Título Manual de procedimientos de pruebas de laboratorio para materiales de envase y embalaje : apoyadas en el IMPEE Porta LAB
505 ## - NOTA DE CONTENIDO CON FORMATO
Información miscelánea t. 8
Título Ingeniería y diseño de embalajes
650 13 - PUNTO DE ACCESO ADICIONAL DE MATERIA--TÉRMINO DE MATERIA
Término de materia o nombre geográfico como elemento de entrada Envases
9 (RLIN) 37170
Subdivisión general Diseño
650 13 - PUNTO DE ACCESO ADICIONAL DE MATERIA--TÉRMINO DE MATERIA
Término de materia o nombre geográfico como elemento de entrada Envases
9 (RLIN) 37170
Subdivisión general Control de calidad
650 13 - PUNTO DE ACCESO ADICIONAL DE MATERIA--TÉRMINO DE MATERIA
Término de materia o nombre geográfico como elemento de entrada Envases
9 (RLIN) 37170
Subdivisión general Especificaciones
650 13 - PUNTO DE ACCESO ADICIONAL DE MATERIA--TÉRMINO DE MATERIA
Término de materia o nombre geográfico como elemento de entrada Envases
9 (RLIN) 37170
Subdivisión general Pruebas
650 13 - PUNTO DE ACCESO ADICIONAL DE MATERIA--TÉRMINO DE MATERIA
Término de materia o nombre geográfico como elemento de entrada Embalaje
9 (RLIN) 161303
Subdivisión general Diseño
650 13 - PUNTO DE ACCESO ADICIONAL DE MATERIA--TÉRMINO DE MATERIA
Término de materia o nombre geográfico como elemento de entrada Materiales para envasado
9 (RLIN) 153618
650 13 - PUNTO DE ACCESO ADICIONAL DE MATERIA--TÉRMINO DE MATERIA
Término de materia o nombre geográfico como elemento de entrada Containers
9 (RLIN) 160606
Subdivisión general Design
650 13 - PUNTO DE ACCESO ADICIONAL DE MATERIA--TÉRMINO DE MATERIA
Término de materia o nombre geográfico como elemento de entrada Containers
9 (RLIN) 160606
Subdivisión general Quality control
650 13 - PUNTO DE ACCESO ADICIONAL DE MATERIA--TÉRMINO DE MATERIA
Término de materia o nombre geográfico como elemento de entrada Containers
9 (RLIN) 160606
Subdivisión general Specifications
650 10 - PUNTO DE ACCESO ADICIONAL DE MATERIA--TÉRMINO DE MATERIA
Término de materia o nombre geográfico como elemento de entrada Containers
9 (RLIN) 160606
Subdivisión general Proof and certification
650 13 - PUNTO DE ACCESO ADICIONAL DE MATERIA--TÉRMINO DE MATERIA
Término de materia o nombre geográfico como elemento de entrada Baling
9 (RLIN) 186369
Subdivisión general Design
650 13 - PUNTO DE ACCESO ADICIONAL DE MATERIA--TÉRMINO DE MATERIA
Término de materia o nombre geográfico como elemento de entrada Packaging materials
9 (RLIN) 153619
700 1# - PUNTO DE ACCESO ADICIONAL--NOMBRE DE PERSONA
9 (RLIN) 186378
Nombre de persona Vilchis Villaseñor, Carlos Hugo
Término indicativo de función/relación autor
942 ## - ELEMENTOS DE PUNTO DE ACCESO ADICIONAL (KOHA)
Tipo de ítem Koha Libro
Fuente del sistema de clasificación o colocación Dewey Decimal Classification
260 ## - PUBLICACIÓN, DISTRIBUCIÓN, ETC.
Lugar de publicación, distribución, etc. México :
Nombre del editor, distribuidor, etc. Instituto Mexicano de Profesionales en Envase y Embalaje,
Fecha de publicación, distribución, etc. 2008
503 ## - NOTA DE HISTORIA BIBLIOGRÁFICA (BK CF MU) [OBSOLETO]
Nota de historia bibliográfica LA BIBLIOTECA TIENE TOMO 2 TECNOLOGIA DEMATERIALES DE ENVASE TOMO 5 MANUAL PARA ELABORACION DE ESPECIFICACIONES TECNICAS DE ENVASE Y EMBALAJE TOMO 7 MANUAL DE PROCEDIMIENTOS DE PRUEBAS De Laboratorio Para Material De Envase Y Embalaje
901 ## - ELEMENTOS DE DATOS A LOCAL LDA (RLIN)
a 688.8 E53 2008
902 ## - ELEMENTOS DE DATOS B LOCAL, LDB (RLIN)
a M
905 ## - ELEMENTOS DE DATOS E LOCAL, LDE (RLIN)
a 000000 2008 mx 0000000000spa00
Holdings
Estado de retiro Estado de pérdida Fuente del sistema de clasificación o colocación Estado dañado Restricciones de uso No para préstamo Código de colección Localización permanente Ubicación/localización actual Fecha de adquisición Fuente de adquisición Enumeración/cronología de publicación seriada Número de inventario Total de préstamos Signatura topográfica completa Código de barras Fecha visto por última vez Número de copia Precio válido a partir de Tipo de ítem Koha
    Dewey Decimal Classification   Préstamo interno   General Ingenieria Agroindustrial Ingenieria Agroindustrial 30/06/2008 Compra Tomo: 7 240491   688.8 E53 2008 T.7 1102006307 18/01/2022 Ej. 1 30/06/2008 Libro
    Dewey Decimal Classification   Préstamo interno   General Ingenieria Agroindustrial Ingenieria Agroindustrial 30/06/2008 Compra Tomo: 2 C/e   688.8 E53 2008 T.2 1102006305 18/01/2022 Ej. 1 18/01/2022 Libro
    Dewey Decimal Classification   Préstamo interno   General Ingenieria Agroindustrial Ingenieria Agroindustrial 30/06/2008 Compra Tomo: 5 240492   688.8 E53 2008 T.5 1102006306 18/01/2022 Ej. 1 30/06/2008 Libro
    Dewey Decimal Classification   Préstamo 5 días   General Ingenieria Agroindustrial Ingenieria Agroindustrial 01/08/2022 Compra Carvann Books F. C35 Tomo: 2 Consumo   688.8 E53 2008 T.2 1102014415 13/03/2023 Ej. 2 13/03/2023 Libro
    Dewey Decimal Classification   Préstamo interno   General Ingenieria Agroindustrial Ingenieria Agroindustrial 01/08/2022 Compra Carvann Books F. C35 Tomo: 3 Consumo   688.8 E53 2008 T.3 1102014416 13/03/2023 Ej. 1 13/03/2023 Libro
    Dewey Decimal Classification   Préstamo 5 días   General Ingenieria Agroindustrial Ingenieria Agroindustrial 01/08/2022 Compra Carvann Books F. C35 Tomo: 3 Consumo   688.8 E53 2008 T.3 1102014417 13/03/2023 Ej. 2 13/03/2023 Libro
    Dewey Decimal Classification   Préstamo 5 días   General Ingenieria Agroindustrial Ingenieria Agroindustrial 01/08/2022 Compra Carvann Books F. C35 Tomo: 3 Consumo   688.8 E53 2008 T.3 1102014418 13/03/2023 Ej. 3 13/03/2023 Libro
    Dewey Decimal Classification   Préstamo 5 días   General Ingenieria Agroindustrial Ingenieria Agroindustrial 01/08/2022 Compra Carvann Books F. C35 Tomo: 5 Consumo   688.8 E53 2008 T.5 1102014419 13/03/2023 Ej. 2 13/03/2023 Libro
    Dewey Decimal Classification   Préstamo interno   General Ingenieria Agroindustrial Ingenieria Agroindustrial 25/11/2022 Compra Carvann Books F. C81 Tomo: 6 Consumo   688.8 E53 2008 T.6 1102014420 13/03/2023 Ej. 1 25/11/2022 Libro
    Dewey Decimal Classification   Préstamo 5 días   General Ingenieria Agroindustrial Ingenieria Agroindustrial 25/11/2022 Compra Carvann Books F. C81 Tomo: 6 Consumo   688.8 E53 2008 T.6 1102014421 13/03/2023 Ej. 2 25/11/2022 Libro
    Dewey Decimal Classification   Préstamo 5 días   General Ingenieria Agroindustrial Ingenieria Agroindustrial 02/08/2022 Compra Carvann Books F. C37 Tomo: 6 Consumo   688.8 E53 2008 T.6 1102014422 13/03/2023 Ej. 3 02/08/2022 Libro
    Dewey Decimal Classification   Préstamo 5 días   General Ingenieria Agroindustrial Ingenieria Agroindustrial 02/08/2022 Compra Carvann Books F. C37 Tomo: 7 Consumo   688.8 E53 2008 T.7 1102014423 13/03/2023 Ej. 2 13/03/2023 Libro
    Dewey Decimal Classification   Préstamo interno   General Ingenieria Agroindustrial Ingenieria Agroindustrial 02/08/2022 Compra Carvann Books F. C37 Tomo: 8 Consumo   688.8 E53 2008 T.8 1102014424 13/03/2023 Ej. 1 13/03/2023 Libro